Normal view
MARC view
Entry Topical Term
001 - CONTROL NUMBER
- control field: 52429
003 - CONTROL NUMBER IDENTIFIER
- control field: ARRUPE
005 - DATE AND TIME OF LATEST TRANSACTION
- control field: 20240215121252.0
008 - FIXED-LENGTH DATA ELEMENTS
- fixed length control field: 240215|| aca||aabn | a|a d
040 ## - CATALOGING SOURCE
- Original cataloging agency: ARRUPE
- Transcribing agency: ARRUPE
150 ## - HEADING--TOPICAL TERM
- Topical term or geographic name as entry element: Marshals
- Geographic subdivision: Great Britain
- Form subdivision: Diaries
670 ## - SOURCE DATA FOUND
- Source citation: Work cat.: (ARRUPE)131795: Bryant, Arthur, 1899-1985. 52426, Triumph in the west, 1943-1946., 1959.